Desarrollo embriológico /

Guardado en:
Autor Principal: Brady, Robert J.
Formato: Libro
Publicado: México : Limusa, 1978
Etiquetas: Agregar Etiqueta
Sin Etiquetas, Sea el primero en etiquetar este registro!
LEADER 00470nam a22001455a 4500
001 CEM.cems001201
008 130507s1978##################000#0#####d
005 20240508112737.0
245 1 0 |a Desarrollo embriológico /  |c Robert J. Brady 
260 |a México :  |b Limusa,  |c 1978 
300 |a 801 p. 
100 1 |a Brady, Robert J. 
082 0 4 |a 611.013 
859 |a CEMS  |b BIB. CEMS - Agricultura  |h 611.013  |i B726  |p A7659.80  |t Ej.1 
859 |a CEMS  |b BIB. CEMS - Agricultura  |h 611.013  |i B726  |p A7950.80  |t Ej.2